Mon 11 de légende de Premier League - Statistiques

Statistiques générales
  • Ce quiz a été pris 469 fois
  • Le résultat moyen est 10 sur 11
Statistiques - réponses
Hint Réponse % Correct
Ailier droitEgypte, Liverpool Mohamed Salah
99%
Milieu offensifBelgique, Manchester City Kevin De Bruyne
98%
Ailier gauchePortugal, Manchester United Cristiano Ronaldo
97%
ButeurFrance, Arsenal Thierry Henry
97%
Défenseur CentralPays-Bas, Liverpool Virgil Van Dijk
95%
Gardien de ButTchéquie, Chelsea Petr Čech
93%
Défenseur droit Angleterre, Manchester City Kyle Walker
92%
Milieu central Angleterre, Chelsea Frank Lampard
91%
Milieu centralAngleterre, Liverpool Steven Gerrard
89%
Défenseur Central Serbie, Manchester United Nemanja Vidic
85%
Défenseur gaucheAngleterre, Chelsea Ashley Cole
83%
Aucun quiz correspondant
Distribution des résultats
% des personnes avec chaque résultat
Percentile par nombre de réponses
Votre historique - résultats
Vous n’avez pas pris ce quiz